Historia de España
| Subtitles: | Contemporánea Historia antigua Historia contemporánea Historia moderna Moderna Serie Historia de España |
|---|---|
| Format: | Print Series/Journal |
| Language: | Spanish |
| Subito Delivery Service: | Order now. |
| Check availability: | HBZ Gateway |
| WorldCat: | WorldCat |
| Interlibrary Loan: | Für eine Fernleihe wählen Sie bitte zuerst einen Band oder Aufsatz aus. |
| Published: |
Madrid
Istmo
2001-
|
| In: | Year: 2001 |
| Further subjects: | B
Publication series
|
MARC
| LEADER | 00000cas a2200000 c 4500 | ||
|---|---|---|---|
| 001 | 470453214 | ||
| 003 | DE-627 | ||
| 005 | 20250604141849.0 | ||
| 007 | tu | ||
| 008 | 041103c20019999sp z| m| 0 |0spa c | ||
| 016 | 7 | |a 026641178 |2 DE-101 | |
| 016 | 7 | |a 2166443-2 |2 DE-600 | |
| 035 | |a (DE-627)470453214 | ||
| 035 | |a (DE-576)097878480 | ||
| 035 | |a (DE-599)ZDB2166443-2 | ||
| 035 | |a (OCoLC)1074850189 | ||
| 040 | |a DE-627 |b ger |c DE-627 |e rakwb | ||
| 041 | |a spa | ||
| 044 | |c XA-ES | ||
| 082 | 0 | 4 | |a 900 |a 840 |a 850 |a 860 |q DE-600 |
| 084 | |a 6,23 |2 ssgn | ||
| 084 | |a 15.66 |2 bkl | ||
| 084 | |a 15.88 |2 bkl | ||
| 245 | 0 | 0 | |a Historia de España |
| 246 | 1 | |i Nebent. |a Serie Historia de España | |
| 246 | 3 | 3 | |a Contemporánea |
| 246 | 3 | 3 | |a Historia contemporánea |
| 246 | 3 | 3 | |a Historia moderna |
| 246 | 3 | 3 | |a Moderna |
| 246 | 3 | 3 | |a Historia antigua |
| 264 | 3 | 1 | |a Madrid |b Istmo |c 2001- |
| 336 | |a Text |b txt |2 rdacontent | ||
| 337 | |a ohne Hilfsmittel zu benutzen |b n |2 rdamedia | ||
| 338 | |a Band |b nc |2 rdacarrier | ||
| 362 | 0 | |a Nachgewiesen 3.2001 - | |
| 363 | 0 | 1 | |a 3 |i 2001 |
| 505 | 8 | |a Das Gesamtwerk gliedert sich in d. ungezählten Unterreihen Historia moderna, Moderna, Historia contemporánea, Historia antigua | |
| 601 | |a Historie | ||
| 655 | 7 | |a Monografische Reihe |0 (DE-588)4179998-7 |0 (DE-627)104628669 |0 (DE-576)209995106 |2 gnd-content | |
| 787 | 0 | 8 | |i Einzelne Bd. zugl. Bd. von |t Colección Fundamentos |d Tres Cantos (Madrid) : Istmo, 1971 |w (DE-627)131079220 |w (DE-600)1112381-3 |w (DE-576)004739914 |
| 889 | |w (DE-603)185598722 | ||
| 936 | b | k | |a 15.66 |j Spanien |j Portugal |x Geschichte |q SEPA |0 (DE-627)181571447 |
| 936 | b | k | |a 15.88 |j Mittelamerika |j Südamerika |x Geschichte |q SEPA |0 (DE-627)181570874 |
| 951 | |a ST | ||
| ELC | |b 1 | ||
| ITA | |a 1 |t 1 | ||
| LOK | |0 000 xxxxxcx a22 zn 4500 | ||
| LOK | |0 001 2409231063 | ||
| LOK | |0 003 DE-627 | ||
| LOK | |0 004 470453214 | ||
| LOK | |0 005 20030715000000 | ||
| LOK | |0 008 030715||||||||||||||||ger||||||| | ||
| LOK | |0 040 |a DE-21 |c DE-627 |d DE-21 | ||
| LOK | |0 852 |a DE-21 | ||
| LOK | |0 852 1 |9 00 | ||
| LOK | |0 939 |a 15-07-03 |b l01 | ||
| LOK | |0 000 xxxxxcx a22 zn 4500 | ||
| LOK | |0 001 2409231071 | ||
| LOK | |0 003 DE-627 | ||
| LOK | |0 004 470453214 | ||
| LOK | |0 005 20050704000000 | ||
| LOK | |0 008 050704||||||||||||||||ger||||||| | ||
| LOK | |0 040 |a DE-21-108 |c DE-627 |d DE-21-108 | ||
| LOK | |0 092 |o l | ||
| LOK | |0 852 |a DE-21-108 | ||
| LOK | |0 852 1 |m p |9 00 | ||
| LOK | |0 938 |k p | ||
| LOK | |0 939 |a 04-07-05 |b l01 | ||
| ORI | |a SA-MARC-ixtheob001.raw | ||
| REL | |a 1 | ||
| SPR | |a 1 |t IXT | ||
| SUB | |a REL | ||



